| 000 | 00553nam a22001577a 4500 | ||
|---|---|---|---|
| 999 |
_c6794 _d6794 |
||
| 003 | OSt | ||
| 005 | 20211223140346.0 | ||
| 008 | 150424s2015 sp ||||| |||| 00| 0 fre d | ||
| 040 |
_bcat _cCPC Girona |
||
| 245 |
_aCharlie Hebdo _b: journal irresponsable, 14 janvier 2015 |
||
| 260 |
_aParis: _bCharlie Hebdo, _c2015 |
||
| 300 |
_a18 pàgines; _c42 cm |
||
| 500 | _aNúmero 1178 de Charlie Hebdo. És el primer que es va publicar després de l'atemptat que va patir el setmanari satíric. | ||
| 630 | 0 |
_94797 _aCharlie Hebdo (Revista) |
|
| 942 |
_2udc _cFULLET |
||